[Event "IX EICC"]
[Site "Plovdiv BUL"]
[Date "2008.04.29"]
[Round "8"]
[White "Stefansson,H"]
[Black "Janev,E"]
[Result "1/2-1/2"]
[WhiteElo "2583"]
[BlackElo "2472"]
[EventDate "2008.04.21"]

1. e4 e5 2. Nf3 Nc6 3. Bb5 a6 4. Ba4 Nf6 5. O-O Be7 6. Re1 b5 7. Bb3 d6 8.
c3 O-O 9. h3 Na5 10. Bc2 c5 11. d4 Qc7 12. Nbd2 cxd4 13. cxd4 Nc6 14. Nb3
a5 15. Be3 a4 16. Nbd2 Bd7 17. Rc1 Qb7 18. a3 Rfe8 19. Nf1 exd4 20. Nxd4
Ne5 21. Ng3 g6 22. Bd2 Bf8 23. Bb1 Bg7 24. Bc3 Rac8 25. Nc2 Bc6 26. Nb4 Nc4
27. Nxc6 Qxc6 28. Qf3 d5 29. exd5 Qxd5 30. Be4 Qg5 31. Rcd1 h5 32. Bb7 Rcd8
33. Rxd8 Rxd8 34. Re7 Nd2 35. Qc6 h4 36. Qc7 Rf8 37. Ne2 Nc4 38. Nd4 Nd5
39. Bxd5 Qxd5 40. Qd7 Nb6 41. Qg4 Rd8 42. Qxh4 Nc4 43. Re4 Rc8 44. Re1 Nd6
45. Ne2 Re8 46. Bxg7 Kxg7 47. Kf1 Nc4 48. Qg3 Qd2 49. Qc3+ Qxc3 50. bxc3
Nd2+ 51. Kg1 Kf8 52. f3 Nc4 53. Kf2 Nxa3 54. Ra1 Nc2 55. Rc1 Na3 56. Ra1
Nc4 57. Nd4 Nd6 58. c4 Nxc4 59. Nxb5 Ra8 60. Na3 1/2-1/2

[Event "IX EICC"]
[Site "Plovdiv BUL"]
[Date "2008.04.29"]
[Round "8"]
[White "Pedersen,NicV"]
[Black "Georgiev,Vl"]
[Result "0-1"]
[WhiteElo "2421"]
[BlackElo "2572"]
[EventDate "2008.04.21"]

1. e4 e5 2. Nf3 Nc6 3. Bb5 a6 4. Ba4 Nf6 5. O-O Bc5 6. d3 b5 7. Bb3 O-O 8.
Nc3 h6 9. Nd5 d6 10. c3 Rb8 11. h3 Nxd5 12. Bxd5 Ne7 13. Bb3 Ng6 14. Be3
Qf6 15. d4 Bb6 16. a4 Bb7 17. a5 exd4 18. axb6 dxe3 19. bxc7 e2 20. cxb8=Q
exd1=Q 21. Qxf8+ Kxf8 22. Rfxd1 Nf4 23. Bd5 Bxd5 24. exd5 Qg6 25. Ne1 Nxh3+
26. Kf1 Nf4 27. g3 Nh3 28. Rxa6 Kg8 29. Rb6 Qh5 30. Rd2 Ng5 31. Rxd6 Ne4
32. Rd8+ Kh7 33. Rd4 Qf5 34. Nd3 Nxg3+ 35. Ke1 Ne4 36. d6 Ng5 37. d7 Nf3+
38. Kf1 Qh3+ 39. Ke2 Nxd4+ 40. cxd4 Qg4+ 41. f3 Qxd4 42. Nc5 Qc4+ 0-1

[Event "IX EICC"]
[Site "Plovdiv BUL"]
[Date "2008.04.29"]
[Round "8"]
[White "Dimitrov,Pa"]
[Black "Belov,Vl"]
[Result "0-1"]
[WhiteElo "2414"]
[BlackElo "2571"]
[EventDate "2008.04.21"]

1. e4 e5 2. Qf3 Nc6 3. Bc4 f5 4. Bxg8 Nd4 5. Qd1 Qg5 6. g4 Rxg8 7. c3 Ne6
8. gxf5 Nf4 9. Qf3 d5 10. h4 dxe4 11. hxg5 exf3 12. Nxf3 Nd3+ 13. Ke2 Bxf5
14. Nh4 Nf4+ 15. Kf3 Bd3 16. b3 O-O-O 17. Na3 Ne6 18. Kg4 h5+ 19. Kg3 Nxg5
20. Nc4 Nf7 21. Nf3 e4 22. Nd4 Rd5 23. Bb2 Be7 24. Ne3 h4+ 25. Kh3 Rh5 26.
Rag1 g6 27. c4 Ng5+ 28. Rxg5 Bxg5 29. Ne6 Bxe3 30. dxe3 Rf5 31. Nf4 g5 32.
Nxd3 exd3 33. Kg2 Rgf8 34. f4 gxf4 35. e4 Rg5+ 36. Kf2 f3 37. Ke3 f2 38.
Rf1 Rg3+ 39. Kd2 Rg1 40. Ba3 Rf5 0-1

[Event "IX EICC"]
[Site "Plovdiv BUL"]
[Date "2008.04.29"]
[Round "8"]
[White "Savchenko,B"]
[Black "Vasilev,M"]
[Result "1/2-1/2"]
[WhiteElo "2569"]
[BlackElo "2469"]
[EventDate "2008.04.21"]

1. e4 e5 2. Nf3 Nc6 3. Bb5 Nf6 4. O-O Nxe4 5. d4 Nd6 6. Bxc6 dxc6 7. dxe5
Nf5 8. Qxd8+ Kxd8 9. Nc3 Ne7 10. Ne4 Ng6 11. h3 h5 12. c4 Ke8 13. Re1 Be6
14. b3 Bb4 15. Bd2 Bxd2 16. Nexd2 Rd8 17. Ne4 Ke7 18. Rad1 Rxd1 19. Rxd1 h4
20. Nc5 Bc8 21. Kf1 Rh5 22. Re1 b6 23. Ne4 Bf5 24. Re3 a5 25. Nc3 Bd7 26.
Ne2 c5 27. Nc1 Bc6 28. Nd3 Bxf3 29. gxf3 Rf5 30. Ke2 Ke6 31. Re4 Rg5 32.
Kf1 Rh5 33. Rg4 Rh8 34. Ke2 Rd8 35. Rg5 Rd4 36. a4 Nf4+ 37. Nxf4+ Rxf4 38.
Rxg7 Rf5 39. Rg4 Rxe5+ 40. Kd2 Rf5 41. Ke3 Re5+ 42. Kd3 Rh5 43. Ke4 Kf6 44.
Ke3 Rh8 45. Rf4+ Ke6 46. Rg4 Kf6 47. Re4 Rh5 48. f4 Rh8 49. Kf3 Rg8 50. Re1
Rg7 51. Rd1 Ke7 52. Re1+ Kf6 53. Rd1 1/2-1/2

[Event "IX EICC"]
[Site "Plovdiv BUL"]
[Date "2008.04.29"]
[Round "8"]
[White "Novikov,St1"]
[Black "Magalashvili,Da"]
[Result "0-1"]
[WhiteElo "2564"]
[BlackElo "2462"]
[EventDate "2008.04.21"]

1. e4 c5 2. Nf3 d6 3. d4 cxd4 4. Nxd4 Nf6 5. Nc3 a6 6. Bg5 e6 7. f4 Qb6 8.
Qd2 Nc6 9. Nb3 Be7 10. O-O-O O-O 11. Be2 Rd8 12. Bf3 Qc7 13. g4 b5 14. h4
b4 15. Na4 a5 16. Qg2 Bb7 17. h5 Ne8 18. e5 Bxg5 19. fxg5 d5 20. g6 Nxe5
21. gxf7+ Nxf7 22. Nd4 Ng5 23. Kb1 e5 24. Nb5 Qc6 25. Be2 Ba6 26. c4 bxc3
27. Naxc3 Nf6 28. Rhf1 h6 29. Rxf6 gxf6 30. Nxd5 Kg7 31. Nbc7 Rac8 32. Rc1
Qxc1+ 33. Kxc1 Bxe2 34. Nc3 Bf3 35. Ne6+ Kh8 36. Qf2 Rd1+ 37. Kc2 Nxe6 38.
Kb3 Nd4+ 39. Ka4 Rd3 40. Kxa5 Nc6+ 41. Ka6 Nb4+ 42. Ka5 Rb8 43. Nb5 Nc6+
44. Ka6 Kg7 45. a4 Ra8+ 46. Kb6 Rxa4 47. Kc7 Nd4 48. Nd6 Ne6+ 49. Kd7 Rad4
50. Kxe6 Rxd6+ 51. Kf5 R6d4 0-1

[Event "IX EICC"]
[Site "Plovdiv BUL"]
[Date "2008.04.29"]
[Round "8"]
[White "Schroll,G"]
[Black "Parligras,M"]
[Result "0-1"]
[WhiteElo "2410"]
[BlackElo "2561"]
[EventDate "2008.04.21"]

1. d4 Nf6 2. c4 e6 3. Nc3 Bb4 4. Qc2 O-O 5. Nf3 c5 6. e4 cxd4 7. Nxd4 d5 8.
e5 Nfd7 9. f4 dxc4 10. Be3 Nb6 11. Nf3 Nd5 12. Bd2 Bxc3 13. bxc3 b5 14. a4
bxa4 15. Ng5 g6 16. h4 f6 17. exf6 Qxf6 18. Bxc4 Ba6 19. Bxa6 Nxa6 20. O-O
Nc5 21. h5 h6 22. Nf3 gxh5 23. c4 Nxf4 24. Bxf4 Qxf4 25. Rae1 Rf5 26. Qb2
Qg3 27. Qd4 Raf8 28. Re3 h4 29. Nd2 Rxf1+ 30. Nxf1 Qf2+ 31. Kh2 Qf4+ 32.
Qxf4 Rxf4 33. Nd2 Rd4 34. Re5 Nd7 35. Re2 Kf7 36. Ne4 a3 37. Nc3 Rxc4 38.
Nb5 Ra4 39. Ra2 Nb6 40. Nxa3 Ke7 41. Ra1 Nc4 42. Nc2 Rxa1 43. Nxa1 a5 44.
Kh3 Ne3 45. Kxh4 Nxg2+ 46. Kh5 a4 47. Kxh6 Kf6 48. Kh5 Kf5 49. Nc2 e5 0-1

[Event "IX EICC"]
[Site "Plovdiv BUL"]
[Date "2008.04.29"]
[Round "8"]
[White "Pileckis,E"]
[Black "Meier,Geo"]
[Result "1/2-1/2"]
[WhiteElo "2403"]
[BlackElo "2560"]
[EventDate "2008.04.21"]

1. Nf3 Nf6 2. c4 c5 3. d4 cxd4 4. Nxd4 e6 5. Nc3 Bb4 6. Qc2 O-O 7. a3 Bc5
8. e3 Nc6 9. Nxc6 dxc6 10. Bd3 e5 11. O-O Be6 12. b4 Be7 13. Bb2 Qc7 14. f4
exf4 15. exf4 Rad8 16. Rae1 Bd6 17. Ne2 Be7 18. Be5 Qc8 19. Nd4 h6 20. Nf5
Qd7 21. Rf3 Rfe8 22. Nxg7 Kxg7 23. f5 Bxc4 24. Qxc4 Kf8 25. Rh3 Ng8 26. Rg3
Bf6 27. Qc5+ Qe7 28. Bd6 Qxd6 29. Rxg8+ Kxg8 30. Rxe8+ Kg7 31. Qxd6 Rxd6
32. Be4 a6 33. Rb8 Rd7 34. Bf3 Bb2 35. a4 Be5 36. Re8 Kf6 37. Rh8 Kg5 38.
Rg8+ Kf6 39. Rh8 Bf4 40. Re8 Rd4 41. b5 cxb5 42. axb5 axb5 43. Re4 Rxe4 44.
Bxe4 Ke5 45. Bb1 Kd4 46. g3 Be3+ 47. Kf1 Kc3 48. Ke2 Bg1 49. h3 f6 50. g4
b4 51. Be4 b6 52. Kd1 Kd4 53. Bc6 Ke5 54. Kc2 h5 55. Be8 h4 56. g5 fxg5 57.
Bh5 1/2-1/2

[Event "IX EICC"]
[Site "Plovdiv BUL"]
[Date "2008.04.29"]
[Round "8"]
[White "Luch,M"]
[Black "Shomoev,A"]
[Result "0-1"]
[WhiteElo "2383"]
[BlackElo "2559"]
[EventDate "2008.04.21"]

1. d4 Nf6 2. c4 g6 3. g3 Bg7 4. Bg2 O-O 5. Nc3 d6 6. Nf3 c6 7. O-O Qb6 8.
h3 Qa6 9. b3 b5 10. Nd2 bxc4 11. Nxc4 Be6 12. Nd2 Nbd7 13. Bb2 Rab8 14. e4
Nb6 15. Qc2 c5 16. d5 Bd7 17. Rfe1 e5 18. a4 Ne8 19. a5 Na8 20. Nc4 Qb7 21.
Ra3 Qc8 22. Kh2 Nac7 23. f4 f6 24. Bc1 Na6 25. Qe2 Nb4 26. Be3 Qd8 27. fxe5
fxe5 28. Raa1 Qe7 29. Rf1 Nf6 30. Qd2 Rf7 31. Rf2 h6 32. Raf1 Kh7 33. Kg1
Rff8 34. Kh2 Bc8 35. Kg1 Ba6 36. Kh2 Qc7 37. Ra1 Nh5 38. Ra3 Rxf2 39. Bxf2
Rf8 40. Be3 Qe7 41. Na4 Rc8 42. Bf3 Nf6 43. Nab2 Rf8 44. Kg2 Bc8 45. Ra1
Rf7 46. Rc1 Na6 47. Nd1 Nc7 48. Nf2 Nb5 49. b4 Nd4 50. Bxd4 exd4 51. bxc5
dxc5 52. e5 Ne8 53. Qc2 Rxf3 54. Kxf3 Qf7+ 55. Ke2 Qxd5 56. Qe4 Qe6 57. Qg4
Qa6 58. Qe4 Nc7 59. Ke1 Be6 60. Nd6 Qxa5+ 61. Kf1 Bd5 62. Qe2 Qa3 63. Qc2
Qxg3 64. Nde4 Qxe5 65. Qxc5 Ne6 66. Qd6 Qf5 67. Nc5 Qg5 68. Rc2 Bg2+ 69.
Kg1 Bxh3+ 0-1

[Event "IX EICC"]
[Site "Plovdiv BUL"]
[Date "2008.04.29"]
[Round "8"]
[White "Marin,Mi"]
[Black "Margvelashvili,G"]
[Result "1/2-1/2"]
[WhiteElo "2556"]
[BlackElo "2455"]
[EventDate "2008.04.21"]

1. c4 g6 2. Nf3 Bg7 3. d4 Nf6 4. g3 c6 5. Bg2 d5 6. cxd5 cxd5 7. O-O O-O 8.
Nc3 Ne4 9. e3 Nxc3 10. bxc3 Nc6 11. Ba3 Re8 12. Nd2 Be6 13. Rb1 Bd7 14. Qe2
b6 15. Rfc1 Rc8 16. c4 1/2-1/2

[Event "IX EICC"]
[Site "Plovdiv BUL"]
[Date "2008.04.29"]
[Round "8"]
[White "Sulskis,S"]
[Black "Butnorius,A"]
[Result "1-0"]
[WhiteElo "2553"]
[BlackElo "2442"]
[EventDate "2008.04.21"]

1. e4 e5 2. Nf3 Nc6 3. d4 exd4 4. Nxd4 Bc5 5. Nf5 g6 6. Be3 Bxe3 7. Nxe3
Nf6 8. Nc3 d6 9. Qd2 O-O 10. O-O-O Re8 11. f3 Ne5 12. Be2 Bd7 13. g4 b5 14.
h4 c6 15. Qxd6 Qb6 16. Qd4 Qxd4 17. Rxd4 Be6 18. Rd6 Kg7 19. h5 g5 20. Nf5+
Bxf5 21. h6+ Kf8 22. exf5 b4 23. Rxf6 bxc3 24. Rd6 cxb2+ 25. Kxb2 Rad8 26.
Rhd1 Rxd6 27. Rxd6 Ke7 28. Rd4 Rb8+ 29. Kc3 f6 30. f4 gxf4 31. Rxf4 Kd6 32.
Ra4 Rb7 33. Rd4+ Ke7 34. Bc4 Rb1 35. Bg8 Rh1 36. Ra4 Rh3+ 37. Kb2 Kd6 38.
Rxa7 Nxg4 39. Rxh7 Nxh6 40. Be6 Kc5 41. c3 Rh4 42. Kb3 Kb6 43. a4 Ka5 44.
Rh8 Ka6 45. Ra8+ Kb7 46. Rf8 Ng4 47. a5 Rh1 48. Bc4 Rb1+ 49. Ka2 Rd1 50.
Rf7+ Kb8 51. Be6 Re1 52. a6 Re5 53. Kb3 Rb5+ 54. Ka4 Rb6 55. a7+ Ka8 56.
Ka5 Rb7 57. Ka6 Rxf7 58. Bxf7 Ne5 59. Be8 1-0

[Event "IX EICC"]
[Site "Plovdiv BUL"]
[Date "2008.04.29"]
[Round "8"]
[White "Steingrimsson,H"]
[Black "Baumegger,S"]
[Result "1-0"]
[WhiteElo "2551"]
[BlackElo "2440"]
[EventDate "2008.04.21"]

1. e4 c5 2. Nf3 e6 3. d4 cxd4 4. Nxd4 Nf6 5. Nc3 d6 6. g4 h6 7. Rg1 Be7 8.
Qf3 Nc6 9. Be3 Nxd4 10. Bxd4 e5 11. Be3 Be6 12. Bb5+ Kf8 13. Ba4 Qa5 14.
Bb3 Rc8 15. Bd2 Bxb3 16. cxb3 Qa6 17. a3 g6 18. O-O-O Kg7 19. Kb1 Bd8 20.
h4 Nd7 21. Qg3 Bb6 22. Rge1 Nc5 23. Ka2 Ne6 24. f4 Bd4 25. Ne2 exf4 26.
Bxf4 Bc5 27. Bxd6 Rhd8 28. Bxc5 Rxd1 29. Rxd1 Qxe2 30. Re1 Qd2 31. Bb4 Qf4
32. Qg2 Qc7 33. Rf1 Kh8 34. Qf2 Kg8 35. Qf6 Qd7 36. Bc3 Rxc3 37. Qxc3 a6
38. Qf6 Ng7 39. h5 Ne8 40. Qe5 g5 41. Qb8 Kg7 42. e5 a5 43. a4 Qc6 44. Rd1
Kf8 45. Rd8 Ke7 1-0

[Event "IX EICC"]
[Site "Plovdiv BUL"]
[Date "2008.04.29"]
[Round "8"]
[White "Jenni,F"]
[Black "Morchiashvili,B"]
[Result "1-0"]
[WhiteElo "2550"]
[BlackElo "2421"]
[EventDate "2008.04.21"]

1. e4 c6 2. d4 d5 3. e5 Bf5 4. Nc3 e6 5. g4 Bg6 6. Nge2 Nd7 7. h4 h5 8. Nf4
Ne7 9. Nxg6 Nxg6 10. gxh5 Ne7 11. Bg5 Qa5 12. Qd2 O-O-O 13. O-O-O f6 14.
exf6 gxf6 15. Bf4 e5 16. dxe5 Nxe5 17. Qe3 Rxh5 18. Be2 Rf5 19. h5 Bg7 20.
Rhg1 Bh8 21. Bg4 Kb8 22. Bxf5 Nxf5 23. Qh3 Nd6 24. Qe6 Qb4 25. Bxe5 fxe5
26. Rg8 Rxg8 27. Qxg8+ Kc7 28. Rxd5 Bf6 29. Qe6 Nc4 30. Rd7+ 1-0

[Event "IX EICC"]
[Site "Plovdiv BUL"]
[Date "2008.04.29"]
[Round "8"]
[White "Mastrovasilis,A"]
[Black "Bogdanovski,V"]
[Result "1-0"]
[WhiteElo "2524"]
[BlackElo "2391"]
[EventDate "2008.04.21"]

1. d4 Nf6 2. c4 e6 3. Nc3 Bb4 4. e3 O-O 5. Nge2 d5 6. a3 Bd6 7. Ng3 c5 8.
dxc5 Bxc5 9. b4 Be7 10. Bb2 dxc4 11. Bxc4 Qxd1+ 12. Rxd1 Nbd7 13. O-O a5
14. b5 Nc5 15. f4 a4 16. f5 Ng4 17. fxe6 Bxe6 18. Nd5 Bxd5 19. Rxd5 Nxe3
20. Nf5 Nxd5 21. Bxd5 Bf6 22. Nh6+ gxh6 23. Bxf6 Ne6 24. Bxb7 Rab8 25. Bc6
Rfc8 26. Rf3 Rb6 27. Be7 f5 28. Rxf5 Rcxc6 29. bxc6 Rxc6 30. Ra5 Rc4 31.
Bb4 Nf4 32. g3 Rc1+ 33. Kf2 Nd3+ 34. Ke3 Nxb4 35. axb4 Ra1 36. Kd4 a3 37.
Kc5 a2 38. Kb5 Kf7 39. Ra3 Ke6 40. Ka5 Kd6 41. b5 Kc7 42. Ka6 Kb8 43. Kb6
h5 44. Ra4 h4 45. gxh4 Rf1 46. Rxa2 Rf6+ 47. Ka5 Rh6 48. Rf2 Kb7 49. Rf4
Ka7 50. h5 Kb7 51. Rf5 Ka7 52. Rf7+ Kb8 53. b6 1-0

[Event "IX EICC"]
[Site "Plovdiv BUL"]
[Date "2008.04.29"]
[Round "8"]
[White "Naumann,A"]
[Black "Beckhuis,G"]
[Result "1-0"]
[WhiteElo "2523"]
[BlackElo "2350"]
[EventDate "2008.04.21"]

1. e4 e5 2. Nf3 Nc6 3. Bb5 a6 4. Bxc6 dxc6 5. O-O Ne7 6. d3 Ng6 7. Nbd2 Bg4
8. h3 Be6 9. b3 Bc5 10. Nc4 f6 11. c3 Qd7 12. d4 O-O-O 13. Be3 Ba7 14. Ncd2
Nf4 15. Bxf4 exf4 16. Nh2 h5 17. Qf3 g5 18. Rfe1 Rdg8 19. Nc4 Qg7 20. Nb2
f5 21. Nd3 Kb8 22. h4 fxe4 23. Qxe4 Bd5 24. Qe7 gxh4 25. Qxg7 Rxg7 26. f3
h3 27. Nxf4 hxg2 28. Re2 Bf7 29. Rxg2 Rxg2+ 30. Kxg2 Re8 31. Rd1 a5 32. Nf1
b5 33. Ng3 c5 34. dxc5 Bxc5 35. Ne4 Rg8+ 36. Kh3 Be3 37. Nd5 Ba7 38. Ne7
Be6+ 39. Kh4 Rg2 40. Nc6+ Ka8 41. Rd8+ Kb7 42. Nxa5+ Kb6 43. b4 Rg8 44.
Rxg8 Bxg8 45. a3 Bf7 46. Ng5 Bd5 47. Kxh5 c5 48. Ne4 cxb4 49. axb4 Bb8 50.
Kg5 Be5 51. Kf5 Bg7 52. Nf6 Bxf3 53. Kg6 Bh8 54. Nb3 Be2 55. Nd4 Bc4 56.
Kf5 Bg7 57. Kg6 Bh8 58. Nf3 Bd3+ 59. Kf7 Bc4+ 60. Kg6 Bd3+ 61. Kg5 Bg7 62.
Ne5 Bc2 63. Nd5+ Kb7 64. Kf4 Bh6+ 65. Kf3 Bc1 66. Ke2 Bb3 67. Ne3 Kc7 68.
Nd3 Ba3 69. Kd2 Bc4 70. Nxc4 bxc4 71. Ne5 Bb2 72. Nxc4 Ba1 73. Kc2 Kc6 74.
Kb3 Kd5 75. Ne3+ 1-0

[Event "IX EICC"]
[Site "Plovdiv BUL"]
[Date "2008.04.29"]
[Round "8"]
[White "Nestorovic,N"]
[Black "Bindrich,F"]
[Result "0-1"]
[WhiteElo "2381"]
[BlackElo "2513"]
[EventDate "2008.04.21"]

1. e4 c5 2. Nf3 d6 3. d4 cxd4 4. Nxd4 Nf6 5. Nc3 Nc6 6. Bc4 Qb6 7. Nde2 e6
8. O-O Be7 9. Bb3 O-O 10. Ng3 Na5 11. Be3 Qc6 12. Qe2 a6 13. a4 Bd7 14. f4
Rac8 15. f5 Nc4 16. Bxc4 Qxc4 17. Qf3 b5 18. axb5 axb5 19. Rac1 Bc6 20. Bg5
h6 21. Bxf6 Bxf6 22. Qg4 Kh8 23. Kh1 b4 24. Nce2 exf5 25. Nxf5 Be5 26. Ne7
Rce8 27. Nxc6 Qxc6 28. c3 b3 29. Rcd1 Qc4 30. Qf3 Re6 31. Qd3 Qc8 32. Qd5
Rg6 33. Rf5 Qa6 34. Nc1 Rg4 35. Nd3 f6 36. g3 Rc8 37. Nf2 Rg5 38. Rxg5 hxg5
39. Nd3 Qa4 40. Qb7 Qc4 41. Ra1 Rc6 42. Nf2 Kh7 43. Kg2 Rc7 44. Qb6 d5 45.
Qe6 dxe4 46. Qf5+ Kh8 47. Nxe4 Qc6 48. Rd1 Re7 49. Kh3 Bc7 50. Rd4 Qe8 51.
Kg2 Re5 52. Qf3 Qe7 53. g4 Ra5 54. Ng3 Bxg3 55. hxg3 Re5 56. Rd2 Qe8 57.
Qd3 Qc6+ 58. Qf3 Re4 59. Rd8+ Kh7 60. Kh3 Qe6 61. Rb8 Re2 62. Qb7 Kg6 63.
Qxb3 Qe4 64. Qb7 Qc2 65. Qh1 Kh7 66. Rb5 Qg6 0-1

[Event "IX EICC"]
[Site "Plovdiv BUL"]
[Date "2008.04.29"]
[Round "8"]
[White "Popovic,Milo2"]
[Black "Blagojevic,Dr"]
[Result "1/2-1/2"]
[WhiteElo "2387"]
[BlackElo "2532"]
[EventDate "2008.04.21"]

1. d4 Nf6 2. Bg5 c6 3. Bxf6 gxf6 4. e3 Qb6 5. Qc1 d5 6. c4 Bf5 7. Nc3 e6 8.
Nf3 Nd7 9. Be2 Be7 10. O-O O-O 11. c5 Qc7 12. Nh4 Bg6 13. f4 f5 14. Nf3 b6
15. b4 Rfb8 1/2-1/2

[Event "IX EICC"]
[Site "Plovdiv BUL"]
[Date "2008.04.29"]
[Round "8"]
[White "Jankovic,A"]
[Black "Kozhuharov,S"]
[Result "1-0"]
[WhiteElo "2528"]
[BlackElo "2433"]
[EventDate "2008.04.21"]

1. d4 Nf6 2. Nf3 e6 3. c4 c5 4. d5 exd5 5. cxd5 d6 6. Nc3 g6 7. Nd2 Bg7 8.
Nc4 O-O 9. Bf4 b6 10. Bxd6 Re8 11. Bg3 Ne4 12. Nxe4 Rxe4 13. e3 b5 14. Nd2
Rb4 15. b3 c4 16. Rc1 c3 17. Nb1 Qa5 18. Rc2 Na6 19. Be2 Bf5 20. O-O Rd8
21. d6 h5 22. h3 h4 23. Bh2 Re4 24. a3 Re6 25. Rc1 c2 26. Rxc2 Bxc2 27.
Qxc2 Bf8 28. b4 Qb6 29. Bg4 Rexd6 30. Bxd6 Bxd6 31. Rc1 Nc7 32. Qc6 Qxc6
33. Rxc6 Kf8 34. Nd2 f5 35. Bf3 Be5 36. Nb3 Rd3 37. Nc5 Rd2 38. Rxc7 Bxc7
39. Ne6+ Ke7 40. Nxc7 Ra2 41. Nxb5 a6 42. Nd4 Rxa3 43. Be2 Kf6 44. b5 axb5
45. Bxb5 Rc3 46. Kh2 Ra3 47. g3 hxg3+ 48. Kxg3 Ra1 49. h4 Rg1+ 50. Kh2 Rg4
51. Kh3 Re4 52. Bc6 Re7 53. Kg3 Re5 54. Bf3 Re8 55. Bd1 Re4 56. h5 gxh5 57.
Bxh5 1-0

[Event "IX EICC"]
[Site "Plovdiv BUL"]
[Date "2008.04.29"]
[Round "8"]
[White "Radulski,J"]
[Black "Lubczynski,R"]
[Result "1-0"]
[WhiteElo "2514"]
[BlackElo "2418"]
[EventDate "2008.04.21"]

1. e4 e5 2. Nf3 Nc6 3. Bb5 a6 4. Ba4 Nf6 5. O-O Nxe4 6. Re1 Nc5 7. Bxc6
dxc6 8. d4 Ne6 9. Nxe5 Be7 10. Be3 O-O 11. c4 f6 12. Nf3 f5 13. Bd2 f4 14.
Bc3 Ng5 15. Nbd2 Bg4 16. Qb3 Nxf3+ 17. Nxf3 Bxf3 18. gxf3 Rf6 19. c5+ Kf8
20. Qxb7 Rg6+ 21. Kf1 Bxc5 22. dxc5 Qd3+ 23. Re2 Re8 24. Rae1 Rge6 25. Qxc7
R6e7 26. Qxf4+ Kg8 27. Qd4 Qxf3 28. Qc4+ Kf8 29. Bxg7+ 1-0

[Event "IX EICC"]
[Site "Plovdiv BUL"]
[Date "2008.04.29"]
[Round "8"]
[White "Atakisi,U"]
[Black "Tukhaev,A"]
[Result "1/2-1/2"]
[WhiteElo "2365"]
[BlackElo "2512"]
[EventDate "2008.04.21"]

1. e4 c5 2. Nf3 d6 3. d4 cxd4 4. Nxd4 Nf6 5. Nc3 a6 6. Bg5 e6 7. f4 Nbd7 8.
Qf3 Qc7 9. O-O-O b5 10. Bd3 Bb7 11. Rhe1 Qb6 12. Qe3 O-O-O 13. f5 e5 14.
Nb3 Be7 15. Qxb6 Nxb6 16. Na5 Kc7 17. Nxb7 Kxb7 18. Bxf6 Bxf6 19. Be2 Rd7
20. Nd5 Nxd5 21. Rxd5 Rc8 22. Red1 Rc6 23. Kb1 Rdc7 24. c3 Be7 25. a4 bxa4
26. Ra5 Bh4 27. Rxa4 Bf2 28. Kc2 Kb8 29. Bxa6 Ra7 30. Bb5 Rb6 31. Rxa7 Kxa7
32. Bc4 f6 33. Ra1+ Kb8 34. Bd5 Kc8 35. b4 Rb8 36. Kd3 Kc7 37. Ra2 Bb6 38.
g4 h6 39. Kc4 Be3 40. Kd3 Bb6 41. Ra6 Bf2 42. Rc6+ Kd7 43. Kc4 Rb6 44. Rxb6
Bxb6 45. Bf7 Be3 46. Kb5 Kc7 47. c4 Bf2 48. Be8 Be3 49. Bf7 Bf2 50. c5 dxc5
51. bxc5 Kd7 52. Kb6 Ke7 53. Bb3 Be3 54. Kc6 Bf2 55. h3 Be3 56. Ba4 Bf2 57.
Kd5 Be3 58. Bb3 Bf2 59. c6 Bb6 60. Ba2 Bc7 61. Kc5 Bd8 62. Bd5 Bc7 63. Kc4
Kd6 64. Kd3 Ba5 65. Ke2 Bb4 66. Kf3 Be1 67. Ke3 Ba5 68. Ke2 Bb4 69. Kf2 Bd2
70. Kg3 Be1+ 71. Kf3 Ba5 72. Kf2 Bb4 73. Ke2 Ba5 74. Kf3 Bb4 75. g5 hxg5
76. Kg4 Ba5 77. Kh5 Ke7 1/2-1/2

[Event "IX EICC"]
[Site "Plovdiv BUL"]
[Date "2008.04.29"]
[Round "8"]
[White "Kosic,D"]
[Black "Bykhovsky,An ISR"]
[Result "1/2-1/2"]
[WhiteElo "2500"]
[BlackElo "2394"]
[EventDate "2008.04.21"]

1. d4 Nf6 2. Nf3 g6 3. Bg5 Bg7 4. Nbd2 O-O 5. c3 d6 6. e4 c5 7. d5 h6 8.
Bh4 e6 9. dxe6 Bxe6 10. Bc4 Bxc4 11. Bxf6 Qxf6 12. Nxc4 Qe6 13. Qd5 Qxd5
14. exd5 Re8+ 15. Kd2 Bf8 16. Rhe1 Nd7 17. Rxe8 Rxe8 18. Re1 Rxe1 19. Nxe1
b5 20. Ne3 Nb6 21. b3 Bg7 22. N1c2 Kf8 23. Kd3 Ke7 24. f4 h5 25. g3 Kd7 26.
Ne1 c4+ 1/2-1/2

[Event "IX EICC"]
[Site "Plovdiv BUL"]
[Date "2008.04.29"]
[Round "8"]
[White "Colovic,A"]
[Black "Pesotsky,V"]
[Result "1-0"]
[WhiteElo "2493"]
[BlackElo "2371"]
[EventDate "2008.04.21"]

1. e4 Nf6 2. e5 Nd5 3. d4 d6 4. Nf3 g6 5. Bc4 Nb6 6. Bb3 Bg7 7. Qe2 O-O 8.
h3 Nc6 9. O-O dxe5 10. dxe5 Nd4 11. Nxd4 Qxd4 12. Re1 e6 13. Nd2 Bd7 14.
Nf3 Qc5 15. Be3 Qb5 16. Qd2 Bc6 17. Nd4 Qa6 18. Nxc6 bxc6 19. c4 Rfd8 20.
Qc3 Nd7 21. Bg5 Rdb8 22. Rad1 Nc5 23. Qf3 Qb7 24. Re3 a5 25. Re2 Qa6 26.
Be3 Nxb3 27. Rd7 Rf8 28. axb3 Bxe5 29. Bh6 Bg7 30. Bxg7 Kxg7 31. Rxe6 Rad8
32. Qf6+ Kh6 33. Re4 1-0

[Event "IX EICC"]
[Site "Plovdiv BUL"]
[Date "2008.04.29"]
[Round "8"]
[White "Bojkov,D"]
[Black "Georgiadis,I"]
[Result "1-0"]
[WhiteElo "2492"]
[BlackElo "2394"]
[EventDate "2008.04.21"]

1. e4 e5 2. Nf3 Nc6 3. Bc4 Bc5 4. O-O Nf6 5. d3 a6 6. c3 Ba7 7. Bb3 d6 8.
Nbd2 O-O 9. Nc4 Be6 10. a4 h6 11. a5 Ne7 12. Re1 Ng6 13. d4 exd4 14. Nxd4
Bxd4 15. Qxd4 d5 16. exd5 Qxd5 17. Be3 Rad8 18. Qxd5 Nxd5 19. Bc5 Rfe8 20.
Ba4 Bd7 21. Bxd7 Rxe1+ 22. Rxe1 Rxd7 23. Re8+ Kh7 24. g3 Nf6 25. Rc8 Ne4
26. Ba3 f5 27. h4 h5 28. Re8 Nd2 29. Nxd2 Rxd2 30. f4 b5 31. Re6 Nh8 32.
Rxa6 Nf7 33. Kf1 c5 34. Ke1 Rg2 35. Rb6 Nh6 36. a6 Ng4 37. a7 Rg1+ 38. Kd2
Rg2+ 39. Kc1 Rg1+ 40. Kc2 c4 1-0

[Event "IX EICC"]
[Site "Plovdiv BUL"]
[Date "2008.04.29"]
[Round "8"]
[White "Tratar,M"]
[Black "Pankov,Ger"]
[Result "1/2-1/2"]
[WhiteElo "2477"]
[BlackElo "2349"]
[EventDate "2008.04.21"]

1. Nf3 d5 2. d4 Nf6 3. c4 c6 4. e3 Bf5 5. Nc3 e6 6. Nh4 Be4 7. f3 Bg6 8.
Qb3 Qb6 9. Nxg6 hxg6 10. g3 Nbd7 11. Bd2 Be7 12. Kf2 g5 13. Be2 dxc4 14.
Bxc4 g4 15. f4 Rh5 16. Be2 c5 17. Qxb6 1/2-1/2

[Event "IX EICC"]
[Site "Plovdiv BUL"]
[Date "2008.04.29"]
[Round "8"]
[White "Vavrak,P"]
[Black "Van Beek,Al"]
[Result "1-0"]
[WhiteElo "2466"]
[BlackElo "2343"]
[EventDate "2008.04.21"]

1. e4 e5 2. Nf3 Nc6 3. Bc4 Bc5 4. d3 Nf6 5. c3 a6 6. Nbd2 O-O 7. O-O d6 8.
Bb3 Ba7 9. Re1 Ng4 10. Re2 Kh8 11. h3 Nh6 12. Nf1 f5 13. d4 fxe4 14. Rxe4
Qf6 15. Ng3 Nf5 16. Bg5 Qg6 17. Rg4 Nxg3 18. Rxg3 Qe8 19. Qd2 Bf5 20. Re1
Qd7 21. dxe5 dxe5 22. Qxd7 Bxd7 23. Be3 Bxe3 24. Rxe3 Rae8 25. Re1 Be6 26.
Bxe6 Rxe6 27. Ng5 Rd6 28. Rge3 Rd2 29. R3e2 Rxe2 30. Rxe2 Kg8 31. Ne6 Rc8
32. Nc5 b6 33. Nxa6 Kf7 34. Nb4 Nxb4 35. cxb4 Rd8 36. Rc2 Rd1+ 37. Kh2 Rd7
38. Kg3 Ke7 39. Kf3 Kd8 40. Ke3 Kc8 41. Rd2 Rf7 42. Rd5 Rf4 43. a3 Rf5 44.
g4 Rg5 45. Ke4 1-0

[Event "IX EICC"]
[Site "Plovdiv BUL"]
[Date "2008.04.29"]
[Round "8"]
[White "Sanduleac,V"]
[Black "Kukov,V"]
[Result "1-0"]
[WhiteElo "2461"]
[BlackElo "2365"]
[EventDate "2008.04.21"]

1. e4 Nf6 2. e5 Nd5 3. d4 d6 4. Nf3 dxe5 5. Nxe5 c6 6. Be2 Nd7 7. Nd3 g6 8.
O-O Bg7 9. c3 O-O 10. Bf3 N7f6 11. Na3 Bf5 12. Re1 Re8 13. Nc4 Nb6 14. Nce5
Nfd7 15. Bf4 Nxe5 16. Bxe5 Nc4 17. Bxg7 Kxg7 18. Ne5 Nxe5 19. Rxe5 f6 20.
Re3 Qc7 21. Qe2 Rad8 22. Re1 Kf8 23. h4 Bc8 24. h5 e6 25. Be4 f5 26. Bc2
Re7 27. Bb3 Rde8 28. Re5 b6 29. Qe3 Kg7 30. Qg5 Kh8 31. Qf6+ Kg8 32. hxg6
Rg7 33. Bxe6+ Bxe6 34. Rxe6 Rf8 35. Qxf8+ 1-0

[Event "IX EICC"]
[Site "Plovdiv BUL"]
[Date "2008.04.29"]
[Round "8"]
[White "Monev,A"]
[Black "Sarakauskas,G"]
[Result "0-1"]
[WhiteElo "2038"]
[BlackElo "2449"]
[EventDate "2008.04.21"]

1. c4 g6 2. g3 f5 3. Bg2 Bg7 4. Nc3 d6 5. d3 Nf6 6. e3 O-O 7. Nge2 Nc6 8.
b3 e5 9. Bb2 Kh8 10. O-O Qe8 11. Nd5 Qf7 12. f4 Nxd5 13. cxd5 Ne7 14. e4 c6
15. dxc6 Nxc6 16. d4 exd4 17. exf5 Qxf5 18. Bxc6 bxc6 19. Bxd4 Qe4 20.
Bxg7+ Kxg7 21. Qd4+ Qxd4+ 22. Nxd4 c5 23. Nb5 Ba6 24. Nc7 Bxf1 25. Kxf1 Kf6
26. Nxa8 Rxa8 27. Ke2 a5 28. Kd3 a4 29. Rc1 axb3 30. axb3 Ra2 31. Rc2 Rxc2
32. Kxc2 Kf5 33. Kd3 h5 34. Ke3 Kg4 35. Ke4 Kh3 36. f5 gxf5+ 37. Kxf5 d5
38. Kf4 d4 39. Kf3 d3 40. Ke3 Kxh2 41. Kxd3 Kxg3 42. Kc4 h4 43. Kxc5 h3 44.
b4 h2 45. b5 h1=Q 46. Kb6 Qd5 47. Ka6 Kf4 48. b6 Qa8+ 0-1